[Event "37th Greek Teams"]
[Site "Kallithea GRE"]
[Date "2009.07.05"]
[Round "2"]
[White "Tsakiris,H"]
[Black "Papadopoulos,Panay"]
[Result "1-0"]
[WhiteElo "1711"]
[BlackElo "1899"]
[EventDate "2009.07.03"]

1. d4 Nf6 2. c4 Nc6 3. Nc3 e5 4. d5 Ne7 5. e4 Ng6 6. g3 Bc5 7. Bg2 c6 8. h3
O-O 9. Nge2 a6 10. a3 d6 11. O-O cxd5 12. b4 d4 13. bxc5 dxc3 14. cxd6 Be6
15. c5 Qc8 16. Be3 Bxh3 17. Nxc3 Bxg2 18. Kxg2 Qc6 19. Qd3 Nd7 20. Qd5 Rac8
21. Qxc6 Rxc6 22. Na4 Rd8 23. Rab1 b5 24. cxb6 Nb8 25. Rfc1 Rdxd6 26. Rxc6
Rxc6 27. Rd1 Rc8 28. b7 Re8 29. Bc5 Nf8 30. Bd6 Nfd7 31. Nc5 Nxc5 32. Bxc5
f6 33. Rc1 Kf7 34. Ba7 Ke7 35. Bxb8 Rxb8 36. Rc7+ 1-0

[Event "37th Greek Teams"]
[Site "Kallithea GRE"]
[Date "2009.07.05"]
[Round "2"]
[White "Howell,D"]
[Black "Grigorov,G"]
[Result "1/2-1/2"]
[WhiteElo "2614"]
[BlackElo "2489"]
[EventDate "2009.07.03"]

1. e4 c5 2. Nf3 d6 3. c3 Nf6 4. h3 g6 5. Bd3 Bg7 6. Bc2 O-O 7. O-O e5 8.
Re1 Nc6 9. d3 h6 10. Nbd2 Be6 11. Nf1 d5 12. Bd2 a6 13. N3h2 d4 14. Qf3 Kh7
15. Rad1 b5 16. Bb3 Qd7 17. g4 Bxb3 18. axb3 Qe6 19. c4 Rfb8 20. Ra1 bxc4
21. dxc4 Rb6 22. Ba5 Rb7 23. Red1 Rab8 24. Rd3 Nd7 25. h4 Rf8 26. Ng3 Qf6
27. Qd1 Qxh4 28. Bd2 Nb4 29. Nf3 Qe7 30. Bxb4 cxb4 31. Ne1 Nc5 32. Rf3 Rb6
33. Nd3 Ne6 34. Ra5 Ng5 35. c5 Nxf3+ 36. Qxf3 Rf6 37. Qd1 Qc7 38. Ra4 a5
39. Kg2 Rc6 40. Qa1 Ra8 41. Rxb4 axb4 42. Qxa8 Rxc5 43. Nxc5 Qxc5 44. Qd5
Qc2 45. Qc4 Qd1 46. Qxf7 Qxg4 47. Qf3 Qxf3+ 48. Kxf3 h5 49. Ke2 Bf6 50. Nf1
Bg5 51. Nh2 Kg7 52. Nf3 Kf6 53. Ne1 Bh6 54. Nd3 Bf8 55. Kf3 g5 56. Kg3 Bd6
57. f3 1/2-1/2

[Event "37th Greek Teams"]
[Site "Kallithea GRE"]
[Date "2009.07.05"]
[Round "2"]
[White "Zahariev,Z"]
[Black "Tsarouhas,V"]
[Result "1/2-1/2"]
[WhiteElo "2399"]
[BlackElo "2221"]
[EventDate "2009.07.03"]

1. e4 c5 2. Nf3 e6 3. d4 cxd4 4. Nxd4 Nc6 5. Nc3 Qc7 6. Be3 a6 7. Qd2 Nf6
8. f3 Be7 9. O-O-O O-O 10. g4 d6 11. Kb1 Nxd4 12. Bxd4 b5 13. g5 Nd7 14.
Bd3 b4 15. Ne2 e5 16. Be3 Rb8 17. f4 exf4 18. Nxf4 Bb7 19. Nd5 Bxd5 20.
exd5 Ne5 21. Bd4 Nxd3 22. Qxd3 Rb5 23. h4 Qb7 24. c4 bxc3 25. Bxc3 Rc8 26.
Qd4 Bf8 27. Rh3 Rcc5 28. Rhd3 Qc8 29. a4 Rb7 30. h5 Rc4 31. Qe3 Qf5 32. Kc2
Re4 33. Rf1 Qxd5 34. Rxd5 Rxe3 35. Ra5 Rb6 36. Raf5 Re7 37. g6 f6 38. Kd3
Reb7 39. b4 Rb8 40. Rb1 d5 41. Rxd5 hxg6 42. hxg6 f5 43. Rxf5 Rxg6 44. Rd5
Rg3+ 45. Kc2 Rg4 46. b5 1/2-1/2

[Event "37th Greek Teams"]
[Site "Kallithea GRE"]
[Date "2009.07.05"]
[Round "2"]
[White "Mitigas,S"]
[Black "Kouvatsos,F"]
[Result "1-0"]
[WhiteElo "2171"]
[BlackElo "2093"]
[EventDate "2009.07.03"]

1. d4 d5 2. Nf3 c6 3. c3 Nf6 4. Bg5 Nbd7 5. Nbd2 e6 6. e3 Bd6 7. Bd3 Qc7 8.
O-O O-O 9. e4 dxe4 10. Nxe4 Nxe4 11. Bxe4 h6 12. Bh4 f5 13. Bc2 g5 14. Bg3
f4 15. Qd3 Nf6 16. Ne5 fxg3 17. fxg3 Qg7 18. Rf2 Bxe5 19. dxe5 Nd7 20. Raf1
Rxf2 21. Rxf2 Nxe5 22. Qd8+ 1-0

[Event "37th Greek Teams"]
[Site "Kallithea GRE"]
[Date "2009.07.05"]
[Round "2"]
[White "Kazakos,E"]
[Black "Tsintsar,Z"]
[Result "1-0"]
[WhiteElo "1981"]
[BlackElo "2006"]
[EventDate "2009.07.03"]

1. e4 c5 2. Nf3 Nc6 3. Bb5 e6 4. O-O d5 5. exd5 exd5 6. d4 Nf6 7. Re1+ Be7
8. dxc5 O-O 9. Be3 Bg4 10. c3 Ne5 11. Be2 Bxf3 12. Bxf3 Rc8 13. b4 Nxf3+
14. Qxf3 Ne4 15. Bd4 Rc6 16. Na3 Rg6 17. Rad1 f5 18. c4 Bh4 19. cxd5 Ng5
20. Qb3 f4 21. Kh1 Qc8 22. d6+ Kh8 23. Re7 Qg4 24. f3 Qh5 25. d7 Bg3 26.
Bg1 Bxh2 27. Bxh2 Rh6 28. Kg1 Qxh2+ 29. Kf1 Qh1+ 30. Kf2 Qh4+ 31. Ke2 Qg3
32. Kd2 Qxg2+ 33. Kc1 Rh2 34. d8=Q 1-0

[Event "37th Greek Teams"]
[Site "Kallithea GRE"]
[Date "2009.07.05"]
[Round "2"]
[White "Raeva,E"]
[Black "Kouvatsou,M"]
[Result "0-1"]
[WhiteElo "2236"]
[BlackElo "2156"]
[EventDate "2009.07.03"]

1. c4 Nf6 2. Nc3 g6 3. g3 Bg7 4. Bg2 O-O 5. e4 d6 6. Nge2 c5 7. O-O Nc6 8.
Rb1 Bg4 9. f3 Be6 10. d3 Qd7 11. Be3 Ne8 12. Nf4 Nc7 13. Qd2 Rab8 14. h4 h5
15. Ncd5 Nd4 16. b4 Bxd5 17. cxd5 b6 18. Kh1 Qa4 19. Rbc1 Na6 20. bxc5 bxc5
21. g4 hxg4 22. fxg4 Nb4 23. h5 Qxa2 24. hxg6 Qxd2 25. Bxd2 Be5 26. gxf7+
Rxf7 27. Bxb4 Bxf4 28. Rxf4 Rh7+ 29. Kg1 Ne2+ 30. Kf1 Nxf4 31. Bd2 Nxd3 32.
Ra1 Rb2 33. Be3 Rh2 0-1

[Event "37th Greek Teams"]
[Site "Kallithea GRE"]
[Date "2009.07.05"]
[Round "2"]
[White "Pavlidou,E"]
[Black "Amiridou,D"]
[Result "1-0"]
[WhiteElo "2179"]
[BlackElo "1572"]
[EventDate "2009.07.03"]

1. d4 Nf6 2. c4 g6 3. Nc3 d5 4. cxd5 Nxd5 5. e4 Nxc3 6. bxc3 Bg7 7. Bc4 c5
8. Ne2 O-O 9. O-O Nc6 10. Be3 Qc7 11. Qc1 Rd8 12. Rd1 b6 13. Bf4 e5 14. Bg5
Rd6 15. d5 Na5 16. Bd3 c4 17. Bc2 Nb7 18. Ng3 Nc5 19. h4 h5 20. Qd2 Bb7 21.
f4 Ne6 22. f5 Nxg5 23. hxg5 h4 24. Nf1 gxf5 25. exf5 Rxd5 26. Qe2 Qc5+ 27.
Kh2 Rad8 28. Rxd5 Rxd5 29. f6 Bf8 30. Qe4 Rd3 31. Qxb7 1-0

[Event "37th Greek Teams"]
[Site "Kallithea GRE"]
[Date "2009.07.05"]
[Round "2"]
[White "Tsolaki,E"]
[Black "Fragaki,M"]
[Result "0-1"]
[WhiteElo "1682"]
[BlackElo "1852"]
[EventDate "2009.07.03"]

1. e4 c5 2. Nf3 d6 3. d4 cxd4 4. Nxd4 Nf6 5. Nc3 g6 6. Be3 Bg7 7. f3 O-O 8.
Qd2 Nc6 9. Bc4 Bd7 10. O-O-O Rc8 11. Bb3 Ne5 12. Kb1 Nc4 13. Bxc4 Rxc4 14.
g4 a6 15. b3 Rc8 16. Nd5 Nxd5 17. exd5 Qc7 18. Bh6 Qc3 19. Bxg7 Kxg7 20.
Rhe1 Qxd2 21. Rxd2 Rfe8 22. Rde2 Kf8 23. Re4 Rc5 24. c4 b5 25. h4 bxc4 26.
bxc4 Rc7 27. Rf4 Kg8 28. Nb3 Rb8 29. Ka1 e6 30. Rd1 Rb6 31. Rc1 Rb4 32. Kb2
a5 33. a3 Rb6 34. Ka2 a4 35. Nd2 exd5 36. Rd4 dxc4 37. Nxc4 Be6 38. Ka1
Rbc6 39. Rcd1 Rxc4 40. Rxd6 Rc2 41. Kb1 R2c3 42. R1d3 Rc1+ 0-1

[Event "37th Greek Teams"]
[Site "Kallithea GRE"]
[Date "2009.07.05"]
[Round "2"]
[White "Balomenakis,H"]
[Black "Tompros,A"]
[Result "0-1"]
[WhiteElo "1876"]
[BlackElo "1812"]
[EventDate "2009.07.03"]

1. e4 e6 2. d4 d5 3. Nd2 c5 4. exd5 Qxd5 5. Ngf3 cxd4 6. Bc4 Qd6 7. O-O Nf6
8. Nb3 Nc6 9. Nbxd4 Nxd4 10. Nxd4 a6 11. c3 Qc7 12. Bb3 Bd6 13. h3 O-O 14.
Qe2 Bd7 15. Bg5 Be7 16. Rad1 Rae8 17. Rfe1 Nd5 18. Bc1 Nf6 19. Nf3 h6 20.
Ne5 Bc8 21. Rd3 Bd6 22. Bf4 Rd8 23. Rg3 Kh8 24. Rd3 Kg8 25. Red1 b5 26.
Nxf7 Rxf7 27. Bxd6 Qc6 28. Bxe6 Bxe6 29. Qxe6 Re8 30. Qb3 Ne4 31. Rf3 Nxd6
32. Rf4 Nc4 33. Rfd4 Re2 34. Rd8+ Kh7 35. R1d2 Re1+ 36. Kh2 Qc7+ 37. g3
Nxd2 38. Rxd2 Qb7 39. Qc2+ g6 0-1

[Event "37th Greek Teams"]
[Site "Kallithea GRE"]
[Date "2009.07.05"]
[Round "2"]
[White "Koutroukis,A"]
[Black "Sandalakis,N"]
[Result "0-1"]
[WhiteElo "1841"]
[BlackElo "1892"]
[EventDate "2009.07.03"]

1. e4 e5 2. Bc4 Nf6 3. d3 Bc5 4. Nf3 d6 5. c3 c6 6. Bb3 O-O 7. O-O Nbd7 8.
d4 Bb6 9. Re1 Re8 10. Nbd2 h6 11. Qc2 Nf8 12. h3 Ng6 13. dxe5 dxe5 14. Nc4
Bc7 15. a4 a5 16. Be3 Nh5 17. Red1 Qf6 18. Qe2 Nhf4 19. Bxf4 Nxf4 20. Qe3
Qg6 21. Nh4 Qg5 22. g3 Nxh3+ 23. Kh2 Be6 24. Nd2 Qxe3 25. fxe3 Nf2 26. Re1
Bxb3 27. Nxb3 Nxe4 28. Rad1 Rad8 29. Kg2 g6 30. Kf3 Ng5+ 31. Kf2 b6 32. Nf3
Nxf3 33. Kxf3 f5 34. e4 Rxd1 35. Rxd1 Rd8 36. Rxd8+ Bxd8 37. Nd2 Kf7 38. b4
Ke6 39. bxa5 bxa5 40. c4 Be7 41. Nb3 Bb4 42. Nc1 Be1 43. Nb3 Kd6 44. c5+
Ke6 45. g4 Bb4 46. gxf5+ gxf5 47. Ke3 fxe4 48. Kxe4 h5 49. Kf3 Kd5 0-1

[Event "37th Greek Teams"]
[Site "Kallithea GRE"]
[Date "2009.07.05"]
[Round "2"]
[White "Sahinidis,E"]
[Black "Kalogeris,I"]
[Result "0-1"]
[WhiteElo "1726"]
[BlackElo "1843"]
[EventDate "2009.07.03"]

1. e4 c5 2. Nf3 d6 3. d4 cxd4 4. Nxd4 Nf6 5. Nc3 e6 6. Be3 a6 7. g4 h6 8.
h3 b5 9. a3 Bb7 10. Bg2 Nbd7 11. Qe2 Nb6 12. O-O Nc4 13. b3 Nxe3 14. Qxe3
Qc7 15. Rfd1 Rc8 16. Nde2 Nd7 17. Ra2 Be7 18. Nb1 O-O 19. c3 Nc5 20. Nd2
Rfd8 21. Rc2 d5 22. exd5 Bxd5 23. Bxd5 Rxd5 24. c4 Rd3 25. Qxd3 Nxd3 0-1

[Event "37th Greek Teams"]
[Site "Kallithea GRE"]
[Date "2009.07.05"]
[Round "2"]
[White "Ivanisevic,I"]
[Black "Kempinski,R"]
[Result "1-0"]
[WhiteElo "2629"]
[BlackElo "2601"]
[EventDate "2009.07.03"]

1. d4 d5 2. c4 c6 3. Nf3 Nf6 4. Nc3 e6 5. Bg5 h6 6. Bxf6 Qxf6 7. Qb3 Nd7 8.
e4 dxe4 9. Nxe4 Qd8 10. Bd3 Qa5+ 11. Nc3 Bd6 12. O-O O-O 13. Rfe1 e5 14. c5
Bb8 15. Bc4 b6 16. Rad1 Bc7 17. Ne4 exd4 18. Bxf7+ Kh8 19. Nh4 Ne5 20. Ng5
g6 21. Rxe5 Bxe5 22. Nxg6+ Kg7 23. Nxe5 hxg5 24. Qd3 1-0

[Event "37th Greek Teams"]
[Site "Kallithea GRE"]
[Date "2009.07.05"]
[Round "2"]
[White "Bosiocic,Mari"]
[Black "Likavsky,T"]
[Result "1/2-1/2"]
[WhiteElo "2551"]
[BlackElo "2484"]
[EventDate "2009.07.03"]

1. e4 c5 2. Nf3 d6 3. d4 cxd4 4. Nxd4 Nf6 5. Nc3 a6 6. Be2 e5 7. Nb3 Be7 8.
Bg5 Nbd7 9. a4 b6 10. Bc4 Bb7 11. Qd3 O-O 12. Bxf6 Nxf6 13. Nd5 Rc8 14. c3
Rxc4 15. Qxc4 Nxd5 16. exd5 f5 17. O-O Bg5 18. g3 f4 19. f3 fxg3 20. hxg3
Be3+ 21. Kg2 Qg5 22. Qh4 Qxh4 23. gxh4 Bxd5 24. Rae1 Bf4 25. Nc1 Rf6 26.
Ne2 Bc4 27. Kf2 Bh6 28. Rg1 e4 29. Nd4 exf3 30. Re7 Bd5 31. Rge1 Bf4 32.
Ne6 Be5 33. Ng5 Rf8 34. Rd1 Bc6 35. Rg1 Bf6 36. Rc7 Bd5 37. c4 Bd4+ 38. Kf1
Bxg1 39. cxd5 Bc5 40. Ne6 Rf5 41. Rxg7+ Kh8 42. Rd7 h6 43. Nxc5 dxc5 44.
Kf2 Rf4 45. Rc7 Rf5 46. a5 bxa5 47. Rxc5 Rf4 48. Rc6 Rf5 49. Rxh6+ Kg7 50.
Rd6 Kf7 51. h5 Rxh5 52. Kxf3 Ke7 53. Re6+ Kd7 54. Ke4 Rh2 55. Rb6 a4 56.
Ke5 Re2+ 57. Kd4 Rd2+ 58. Kc4 Rc2+ 59. Kd3 Rh2 60. Kc3 Rh5 61. d6 a5 62.
Ra6 1/2-1/2

[Event "37th Greek Teams"]
[Site "Kallithea GRE"]
[Date "2009.07.05"]
[Round "2"]
[White "Haritakis,T"]
[Black "Georgiadis,I"]
[Result "0-1"]
[WhiteElo "2291"]
[BlackElo "2438"]
[EventDate "2009.07.03"]

1. d4 Nf6 2. Nf3 e6 3. Bg5 h6 4. Bxf6 Qxf6 5. e4 d5 6. Bd3 c5 7. O-O dxe4
8. Bxe4 cxd4 9. Qxd4 Nd7 10. Nc3 Bc5 11. Qc4 O-O 12. Rad1 Qe7 13. Na4 Bd6
14. Qd4 Bc5 15. Qc4 Bb6 16. Nxb6 axb6 17. a3 Nc5 18. Qe2 Bd7 19. Ne5 Rfd8
20. Bf3 Be8 21. Qe3 Qc7 22. Rxd8 Rxd8 23. b3 f6 24. Nc4 e5 25. Rd1 Rxd1+
26. Bxd1 b5 27. Nb2 Qd6 28. b4 Na4 29. Qd3 Qxd3 30. Nxd3 Bc6 31. Bg4 Kf7
32. Kf1 Ke7 33. g3 Kd6 34. Ke1 Nc3 35. Nb2 Kd5 36. Kd2 Nb1+ 37. Ke3 Nxa3
38. Bf3+ Kd6 39. Bd1 g5 40. f4 f5 41. c3 exf4+ 42. gxf4 g4 43. Be2 h5 44.
Bd3 Ke6 45. Kf2 h4 46. Nd1 Be4 47. Be2 Kd6 48. Ne3 Nb1 49. c4 bxc4 50.
Nxc4+ Kd5 51. Ne5 Nc3 52. Bf1 Kd4 53. Ng6 h3 54. Nf8 Bd5 55. Nd7 Ne4+ 0-1

[Event "37th Greek Teams"]
[Site "Kallithea GRE"]
[Date "2009.07.05"]
[Round "2"]
[White "Goumas,G"]
[Black "Theofilopoulos,A"]
[Result "1/2-1/2"]
[WhiteElo "2315"]
[BlackElo "2189"]
[EventDate "2009.07.03"]

1. Nf3 c5 2. g3 Nc6 3. d4 d5 4. Bg2 Nf6 5. O-O e6 6. c4 dxc4 7. Qa4 Qa5 8.
Qxc4 cxd4 9. Nxd4 Nxd4 10. Qxd4 Bc5 11. Qc4 O-O 12. Bd2 Qb6 13. b4 Bd4 14.
Bc3 Bxc3 15. Nxc3 Bd7 16. Rfd1 Rac8 17. Qb3 Bc6 18. e4 Ng4 19. Rd2 a6 20.
h3 Ne5 21. a4 Rfd8 22. Rad1 Rxd2 23. Rxd2 Rd8 24. Rxd8+ Qxd8 25. b5 Qb6 26.
a5 Qxa5 27. bxc6 b5 28. Qd1 g6 29. Qd6 Qxc3 30. c7 Kg7 31. Kh2 b4 32. f4
Nc4 33. Qxa6 Ne3 34. Qd6 b3 35. Qe5+ Qxe5 36. fxe5 b2 37. c8=Q b1=Q 38. Qd8
Nf1+ 39. Bxf1 Qxf1 40. Qd2 1/2-1/2

[Event "37th Greek Teams"]
[Site "Kallithea GRE"]
[Date "2009.07.05"]
[Round "2"]
[White "Lazaridis,H"]
[Black "Theotokatos,D"]
[Result "1-0"]
[WhiteElo "2118"]
[BlackElo "2135"]
[EventDate "2009.07.03"]

1. d4 Nf6 2. c4 e6 3. Nc3 Bb4 4. e3 O-O 5. Bd3 d5 6. Nf3 c5 7. O-O Nc6 8.
a3 Bxc3 9. bxc3 Ne4 10. cxd5 exd5 11. c4 Bf5 12. Bb2 dxc4 13. Bxc4 cxd4 14.
Nxd4 Nxd4 15. Bxd4 Qa5 16. Qh5 b6 17. Rfd1 Rac8 18. Rac1 Bg6 19. Qxa5 bxa5
20. Bxa7 Rc7 21. Bb6 Rc6 22. Bxf7+ Bxf7 23. Rxc6 Bb3 24. Rd4 Nxf2 25. Bc5
1-0

[Event "37th Greek Teams"]
[Site "Kallithea GRE"]
[Date "2009.07.05"]
[Round "2"]
[White "Fatourou,E"]
[Black "Barbageorgopoulou,D"]
[Result "1/2-1/2"]
[WhiteElo "1895"]
[BlackElo "1745"]
[EventDate "2009.07.03"]

1. c4 e5 2. Nc3 c5 3. g3 d6 4. Bg2 Nc6 5. d3 Nf6 6. Nf3 Be6 7. Nd2 Be7 8.
Nd5 Qd7 9. O-O Bh3 10. Nc7+ Qxc7 11. Bxh3 O-O 12. Nb1 d5 13. cxd5 Nxd5 14.
Nc3 Nxc3 15. bxc3 Rad8 16. Qb3 Na5 17. Qc2 c4 18. Rb1 cxd3 19. exd3 Nc6 20.
Be3 b6 21. Qe2 Rfe8 22. Bg2 Nb8 23. Rfc1 Ba3 24. Rc2 Qd7 25. d4 e4 26. c4
Nc6 27. d5 Na5 28. Qd2 Qa4 29. Qe2 Rc8 30. Bf1 Bc5 31. Bxc5 Rxc5 32. Rbc1
Nb7 33. Qe3 Nd6 34. Qf4 Qd7 35. Bg2 Qc7 36. Re1 b5 37. Rce2 Rxc4 38. Qd2
Qc5 39. Kh1 Rd4 40. Qe3 Qxd5 41. f3 f5 42. fxe4 fxe4 43. Qf4 Rd1 44. Qf2
Rxe1+ 45. Rxe1 Qf7 46. Qd2 Qe7 47. Qe3 Qe6 48. Qxa7 e3 49. Qd4 Kh8 50. Bc6
Nf5 51. Qd7 Qxd7 52. Bxd7 Re5 53. Bxf5 Rxf5 54. Rxe3 Kg8 55. Kg2 b4 56. Rb3
Ra5 57. Rb2 Kf7 58. Kf3 Ke6 59. Ke4 Ra4 60. Re2 1/2-1/2

[Event "37th Greek Teams"]
[Site "Kallithea GRE"]
[Date "2009.07.05"]
[Round "2"]
[White "Fragkou,E"]
[Black "Barbageorgopoulou,F"]
[Result "1-0"]
[WhiteElo "1865"]
[BlackElo "1809"]
[EventDate "2009.07.03"]

1. d4 Nf6 2. Bf4 c5 3. e3 g6 4. Nf3 Bg7 5. c3 O-O 6. Nbd2 d5 7. Bd3 Nc6 8.
O-O Nh5 9. Bg5 Qc7 10. dxc5 e5 11. Be2 f5 12. Ne1 Nf6 13. Bxf6 Bxf6 14. Nb3
Be6 15. Qc2 Rad8 16. Nf3 Rd7 17. Rad1 Rfd8 18. Rd2 d4 19. exd4 exd4 20.
Nfxd4 Nxd4 21. cxd4 Bxd4 22. Bc4 Qe5 23. Re2 Bxf2+ 24. Rexf2 Bxc4 25. Qxc4+
Kf8 26. Re2 Qf6 27. Rfe1 Rd1 28. Qe6 Rxe1+ 29. Rxe1 Qg5 30. Qe5 Kg8 31. Qe3
Qh4 32. g3 1-0

[Event "37th Greek Teams"]
[Site "Kallithea GRE"]
[Date "2009.07.05"]
[Round "2"]
[White "Kirgeridis,Panag"]
[Black "Homatidis,P"]
[Result "1/2-1/2"]
[WhiteElo "2039"]
[BlackElo "2123"]
[EventDate "2009.07.03"]

1. d4 Nf6 2. c4 e6 3. Nc3 Bb4 4. g3 O-O 5. Bg2 d5 6. cxd5 exd5 7. Nf3 Ne4
8. Qb3 Nc6 9. O-O Be6 10. Rd1 Bxc3 11. bxc3 Rb8 12. Ba3 Re8 13. Bb4 a5 14.
Ba3 b5 15. Rac1 Rb6 16. Bc5 Rb7 17. Ba3 Qa8 18. Ne1 b4 19. Bxe4 dxe4 20. d5
a4 21. Qb2 bxa3 22. Qxa3 Bd7 23. dxc6 Bxc6 24. Nc2 Reb8 25. Nb4 1/2-1/2

[Event "37th Greek Teams"]
[Site "Kallithea GRE"]
[Date "2009.07.05"]
[Round "2"]
[White "Kaforos,D"]
[Black "Boutsioukis,N"]
[Result "1-0"]
[WhiteElo "2203"]
[BlackElo "1906"]
[EventDate "2009.07.03"]

1. e4 c5 2. Nf3 Nc6 3. Bb5 g6 4. O-O Bg7 5. Bxc6 bxc6 6. Re1 Nf6 7. e5 Nd5
8. Nc3 Nxc3 9. dxc3 O-O 10. Qe2 Rb8 11. b3 d5 12. Bf4 e6 13. Bg5 f6 14.
exf6 Bxf6 15. Bxf6 Qxf6 16. Ne5 Rb7 17. Qe3 c4 18. Nxc6 Rc7 19. Ne5 Qf5 20.
Re2 Ba6 21. b4 Rd8 22. Nf3 Bc8 23. Qe5 Qxe5 24. Rxe5 Rd6 25. a4 Bd7 26. Kf1
Ra6 27. Nd4 Kf7 28. b5 Rd6 29. Ree1 Kf6 30. f4 h6 31. Kf2 g5 32. g3 Rb7 33.
Rab1 a6 34. Rb2 axb5 35. axb5 Rdb6 36. h4 Ra7 37. Ke3 g4 38. Reb1 h5 39.
Kd2 Be8 40. Rf1 Ra5 41. Rbb1 Ra7 42. Ra1 Rxa1 43. Rxa1 Rb7 44. Ra6 Bd7 45.
f5 Ke7 46. fxe6 Bxb5 47. Ra5 Be8 48. Rxd5 Rb1 49. Rc5 Rg1 50. Rxc4 Bg6 51.
Rc7+ Kf6 52. Ne2 Rg2 53. e7 Kf7 54. Rc6 Bxc2 55. Re6 Ba4 56. Re5 Be8 57. c4
Kf6 58. Re3 Kf7 59. Kc3 Rf2 60. Nf4 Rf3 61. Rxf3 gxf3 62. Kd2 Kxe7 63. Ke3
Kd6 64. Kxf3 Kc5 65. Ke4 Kxc4 66. Kf5 Kd4 67. Kg5 Ke3 68. Nxh5 Kf3 69. Nf6
Bb5 70. g4 Bd3 71. h5 1-0

[Event "37th Greek Teams"]
[Site "Kallithea GRE"]
[Date "2009.07.05"]
[Round "2"]
[White "Metaxas,E"]
[Black "Michelakos,P"]
[Result "1-0"]
[WhiteElo "1748"]
[BlackElo "2005"]
[EventDate "2009.07.03"]

1. d4 Nf6 2. c4 b6 3. Nc3 Bb7 4. Bg5 h6 5. Bxf6 exf6 6. e4 Bb4 7. Qg4 O-O
8. Bd3 c5 9. d5 Bxc3+ 10. bxc3 d6 11. Ne2 Nd7 12. f4 Qc7 13. O-O Rfe8 14.
Ng3 g6 15. Rf3 Nf8 16. Qh4 Kg7 17. Nf5+ gxf5 18. Rg3+ Ng6 19. exf5 Re3 20.
fxg6 Rxg3 21. Qxg3 Rg8 22. Bf5 Kh8 23. g7+ Rxg7 24. Qh4 Qd8 25. Qxh6+ Kg8
26. Re1 Bc8 27. Bxc8 Qxc8 28. f5 Qd8 29. Re4 Rh7 30. Rg4+ Kh8 31. Qe3 Qd7
32. Qg3 Qe7 33. h3 Qd8 34. Re4 Rg7 35. Qe3 Kh7 36. Re8 Qd7 37. Qe4 Rg5 38.
Qh4+ 1-0

[Event "37th Greek Teams"]
[Site "Kallithea GRE"]
[Date "2009.07.05"]
[Round "2"]
[White "Papadopoulos,Geo2"]
[Black "Gouloutis,N"]
[Result "0-1"]
[WhiteElo "1857"]
[BlackElo "1629"]
[EventDate "2009.07.03"]

1. e4 e6 2. d4 d5 3. Nd2 dxe4 4. Nxe4 Nd7 5. Bd3 Ngf6 6. Qe2 c5 7. dxc5
Nxc5 8. Nxc5 Bxc5 9. Be3 Bxe3 10. Qxe3 O-O 11. Nf3 Bd7 12. O-O Bc6 13. Ne5
Qb6 14. Qxb6 axb6 15. Nc4 Nd5 16. Rfd1 b5 17. Nd6 b4 18. Bb5 Ra5 19. Bxc6
bxc6 20. Ne4 Rfa8 21. c4 bxc3 22. Nxc3 Nxc3 23. bxc3 Kf8 24. Rd2 Ra3 25.
Rc2 Ke7 26. Kf1 Kd6 27. Ke2 c5 28. Kd3 Kd5 29. f3 c4+ 30. Ke3 g5 31. Rd2+
Ke5 32. Rc2 Rd8 33. Rac1 h5 34. g3 Kf5 35. h3 Rd3+ 36. Kf2 g4 37. fxg4+
hxg4 38. h4 Kg6 39. Kg2 f5 40. Kf2 e5 41. Kg2 e4 42. Kf2 Kh5 43. Kg2 e3 44.
Kg1 Rd2 45. Kf1 Rxa2 46. Rxa2 Rxa2 47. Re1 Rf2+ 48. Kg1 Rf3 49. Kg2 f4 50.
gxf4 Kxh4 51. f5 Kg5 52. Re2 Rf2+ 53. Rxf2 exf2 54. Kxf2 Kxf5 55. Ke3 Ke5
56. Kf2 Ke4 57. Ke2 g3 0-1

[Event "37th Greek Teams"]
[Site "Kallithea GRE"]
[Date "2009.07.05"]
[Round "2"]
[White "Postny,E"]
[Black "Petritaj,Fo"]
[Result "1-0"]
[WhiteElo "2647"]
[BlackElo "2244"]
[EventDate "2009.07.03"]

1. d4 Nf6 2. c4 c5 3. d5 b5 4. cxb5 a6 5. f3 axb5 6. e4 Qa5+ 7. Bd2 b4 8.
Na3 d6 9. Nc4 Qd8 10. a3 bxa3 11. Rxa3 Rxa3 12. bxa3 e6 13. Ba5 Qd7 14. Qb3
Qb7 15. Qxb7 Bxb7 16. dxe6 d5 17. exf7+ Kxf7 18. exd5 Nxd5 19. Nh3 Be7 20.
Bd3 Nc6 21. Bd2 Rd8 22. Nf2 Bh4 23. O-O Bxf2+ 24. Kxf2 Nf4 25. Bxf4 1-0

[Event "37th Greek Teams"]
[Site "Kallithea GRE"]
[Date "2009.07.05"]
[Round "2"]
[White "Doumas,G"]
[Black "Kritz,L"]
[Result "0-1"]
[WhiteElo "2059"]
[BlackElo "2589"]
[EventDate "2009.07.03"]

1. e4 d5 2. exd5 Qxd5 3. Nc3 Qa5 4. d4 Nf6 5. Bc4 c6 6. Nf3 Bf5 7. Bd2 e6
8. O-O Nbd7 9. Re1 Qb6 10. Bb3 Be7 11. h3 h6 12. Be3 Qc7 13. Qd2 O-O 14. a4
Bb4 15. Nb5 Bxd2 16. Nxc7 Bxe1 17. Nxa8 Ba5 0-1

[Event "37th Greek Teams"]
[Site "Kallithea GRE"]
[Date "2009.07.05"]
[Round "2"]
[White "Stavrianakis,I"]
[Black "Makryniotis,K"]
[Result "1-0"]
[WhiteElo "2240"]
[BlackElo "1925"]
[EventDate "2009.07.03"]

1. d4 f5 2. Bg5 h6 3. Bh4 g5 4. Bg3 d6 5. e3 Nf6 6. Bd3 Bg7 7. c3 Ne4 8.
Qh5+ Kf8 9. Bxe4 fxe4 10. Nd2 Bf5 11. f3 Qe8 12. Qxe8+ Kxe8 13. Nxe4 Nd7
14. Nd2 Nb6 15. e4 Bd7 16. Ne2 Bb5 17. Bf2 e6 18. Be3 Bf6 19. b3 d5 20. Kf2
Be7 21. Rhe1 Bf6 22. a4 Bc6 23. Nc1 Kf7 24. Nd3 Nd7 25. Nb4 Nb8 26. Nxc6
bxc6 27. b4 Nd7 28. Nb3 Rab8 29. Na5 Rb6 30. Ke2 Rd8 31. Rf1 Kg6 32. h3 Rf8
33. Kd2 Rd8 34. Kc2 Be7 35. Rae1 Nf6 36. exd5 cxd5 37. Nb3 Nh5 38. Nc5 Ng7
39. Bf2 Kf7 40. Bg3 Bd6 41. Be5 Bxe5 42. Rxe5 Rdd6 43. f4 Kg6 44. fxg5 hxg5
45. Rf8 a6 46. a5 Rbc6 47. g4 Kh6 48. Rf6+ Kh7 49. Rxg5 e5 50. Rf7 Rg6 51.
Rxe5 1-0

[Event "37th Greek Teams"]
[Site "Kallithea GRE"]
[Date "2009.07.05"]
[Round "2"]
[White "Kontos,V"]
[Black "Dimopoulos,D"]
[Result "0-1"]
[WhiteElo "1699"]
[BlackElo "1906"]
[EventDate "2009.07.03"]

1. e4 c6 2. d4 d5 3. exd5 cxd5 4. Bd3 Nc6 5. c3 Nf6 6. h3 g6 7. Nf3 Bf5 8.
Bf4 Bxd3 9. Qxd3 Bg7 10. Nbd2 O-O 11. O-O a6 12. Rfe1 Ne8 13. Ne5 Nxe5 14.
Bxe5 Nd6 15. Bxg7 Kxg7 16. Qf3 e6 17. g3 Qc7 18. h4 Rfc8 19. h5 b5 20. a3
a5 21. Kg2 Rab8 22. Rh1 Rb7 23. h6+ Kg8 24. Rhc1 Qd8 25. Qf4 Nc4 26. Nxc4
bxc4 27. Rc2 Rcb8 28. Ra2 Rb6 29. g4 g5 30. Qe5 f6 31. Qe3 Qf8 32. Qh3 Qe8
33. Qh5 Qxh5 34. gxh5 Kf7 35. f3 e5 36. dxe5 fxe5 37. Kg3 Rxh6 38. Kg4 Rf6
39. Rd2 Ke6 40. Rf2 h6 0-1

[Event "37th Greek Teams"]
[Site "Kallithea GRE"]
[Date "2009.07.05"]
[Round "2"]
[White "Gelashvili,T"]
[Black "Kryvoruchko,Y"]
[Result "1-0"]
[WhiteElo "2605"]
[BlackElo "2611"]
[EventDate "2009.07.03"]

1. d4 Nf6 2. Nf3 e6 3. c4 b6 4. e3 Bb7 5. Bd3 d5 6. O-O Bd6 7. Nc3 O-O 8.
b3 a6 9. Bb2 Nbd7 10. Rc1 Qe7 11. cxd5 exd5 12. Ne2 Ne4 13. Qc2 Rac8 14.
Ng3 f5 15. Qe2 Ra8 16. Rc2 g6 17. Rfc1 c5 18. Re1 Rfd8 19. Ba1 Nf8 20. Rcc1
Ne6 21. dxc5 bxc5 22. Red1 Qf8 23. Ne5 Nxg3 24. hxg3 Qe7 25. f4 d4 26. Bc4
Bxe5 27. exd4 Bxd4+ 28. Bxd4 cxd4 29. Bxe6+ Kh8 30. Qe5+ Qg7 31. Qxg7+ Kxg7
32. Rc7+ Kf6 33. Bc4 Bd5 34. Rxd4 Bxc4 35. Rdxc4 Rd1+ 36. Kh2 Rad8 37.
R4c6+ R8d6 38. Rxd6+ Rxd6 39. Rxh7 Rd2 40. a4 Rb2 41. Rb7 a5 42. Rb5 Kg7
43. g4 fxg4 44. Kg3 Kf6 45. Rxa5 Rxb3+ 46. Kxg4 Ra3 47. g3 Kg7 48. Ra8 Kf6
49. a5 Kg7 50. a6 Kf6 51. a7 Kg7 52. Kh3 Kh7 53. Kg2 Ra4 54. Kf3 1-0

[Event "37th Greek Teams"]
[Site "Kallithea GRE"]
[Date "2009.07.05"]
[Round "2"]
[White "Ninov,N"]
[Black "Oreopoulos,K"]
[Result "1-0"]
[WhiteElo "2562"]
[BlackElo "2289"]
[EventDate "2009.07.03"]

1. e4 e6 2. d4 d5 3. Nc3 Nf6 4. Bg5 Bb4 5. e5 h6 6. Bd2 Bxc3 7. Bxc3 Ne4 8.
Ne2 O-O 9. Bb4 c5 10. Ba3 b5 11. c3 Nc6 12. Bxc5 Nxc5 13. dxc5 Nxe5 14. Nd4
a6 15. Be2 Bb7 16. a4 bxa4 17. Qxa4 Qc8 18. f4 Nc6 19. O-O e5 20. fxe5 Nxe5
21. b4 Qc7 22. Qc2 Rfe8 23. Qf5 Ng6 24. Bd3 Re5 25. Qf2 Rg5 26. Bxg6 Rxg6
27. Qf4 Qd7 28. Qf5 Qc7 29. Rae1 Rf8 30. Qxg6 fxg6 31. Rxf8+ Kh7 32. Ree8
g5 33. Ne6 1-0